[Event "Collado Villalba op 39th"]
[Site "Collado Villalba"]
[Date "2022.08.23"]
[Round "4"]
[White "Vaqueiro Vaqueiro, Alejandro"]
[Black "Palomares Cortez, Tabata Sofia"]
[Result "1-0"]
[WhiteElo "1396"]
[BlackElo "1235"]
[PlyCount "79"]
[EventDate "2022.08.20"]
[EventType "swiss"]
[EventRounds "9"]
[EventCountry "ESP"]
[SourceTitle "EXT 2023"]
[Source "ChessBase"]
[SourceDate "2022.10.05"]
[SourceVersion "1"]
[SourceVersionDate "2022.10.05"]
[SourceQuality "1"]

1. e4 e5 2. Nf3 Nc6 3. Bb5 a6 4. Ba4 Nf6 5. 0-0 b5 6. Bb3 Bc5 7. c3 0-0 8. d4 exd4 9. e5 Ne8 10. cxd4 Be7 11. Nc3 d6 12. Qe2 Bg4 13. Rd1 Rb8 14. h3 Bh5 15. Nd5 dxe5 16. g4 Bg6 17. dxe5 Qc8 18. Bf4 Kh8 19. Rac1 Qb7 20. Rxc6 Qxc6 21. Nxe7 Qb6 22. Be3 Qb7 23. Bc5 Be4 24. Ng5 Bh1 25. f3 h6 26. Bd5 c6 27. Bxc6 Qc7 28. Rd7 Qa5 29. Ne4 b4 30. Ng6+ fxg6 31. Bxf8 Qxe5 32. Kxh1 Kg8 33. Qc4+ Kh7 34. Re7 Qf4 35. Kg2 Rc8 36. Rxe8 Rxe8 37. Bxe8 Qxf8 38. Qf7 Qxf7 39. Bxf7 a5 40. a3 1-0

[Event "Collado Villalba op 39th"]
[Site "Collado Villalba"]
[Date "2022.08.22"]
[Round "3"]
[White "Palomares Cortez, Tabata Sofia"]
[Black "Perez Pascual, Arturo"]
[Result "0-1"]
[WhiteElo "1235"]
[BlackElo "1696"]
[PlyCount "144"]
[EventDate "2022.08.20"]
[EventType "swiss"]
[EventRounds "9"]
[EventCountry "ESP"]
[SourceTitle "EXT 2023"]
[Source "ChessBase"]
[SourceDate "2022.10.05"]
[SourceVersion "1"]
[SourceVersionDate "2022.10.05"]
[SourceQuality "1"]

1. e4 e5 2. Nf3 Nf6 3. Nxe5 Qe7 4. d4 Nc6 5. Bf4 Nxe4 6. Qd3 Nf6 7. Be2 Qb4+ 8. Bd2 Qxb2 9. Nxc6 dxc6 10. Bc3 Bb4 11. 0-0 Bxc3 12. Nxc3 0-0 13. d5 Rd8 14. a3 Nxd5 15. Na4 Qf6 16. Rad1 Bf5 17. Qb3 Qg6 18. Rd2 b5 19. Nc5 Rd6 20. Rfd1 Rad8 21. Qf3 Re8 22. Bd3 Bxd3 23. Rxd3 Rf6 24. Qg3 Qf5 25. R3d2 h5 26. Qe3 Qg5 27. Ne4 Rxe4 28. Qxe4 Re6 29. Qd3 g6 30. h3 Kh7 31. Qf3 Kg7 32. Rd3 a6 33. Rd4 Qe5 34. g3 Ne7 35. R4d2 Nd5 36. h4 Nc3 37. Rf1 c5 38. Rd3 b4 39. axb4 cxb4 40. Ra1 Qc5 41. Rf1 Ne2+ 42. Kg2 Qxc2 43. Rd7 Rf6 44. Qe3 Qc6+ 45. Kh2 Qxd7 46. Qxe2 Re6 47. Qb2+ Kh7 48. Qxb4 Qd3 49. Rg1 Re2 50. Qf4 Qd5 51. Kh3 Qe6+ 52. Kh2 c5 53. g4 hxg4 54. Rxg4 c4 55. Rg5 Re4 56. Qc1 Rxh4+ 57. Kg1 Qe4 58. Rg2 c3 59. Rh2 Rxh2 60. Kxh2 Qd3 61. Kg2 c2 62. Qh1+ Kg7 63. Qc1 Qd1 64. Qb2+ Kh7 65. Qb3 Qg4+ 66. Kh2 Qf4+ 67. Kg2 c1Q 68. Qh3+ Kg8 69. f3 Qcd2+ 70. Kg1 Qfe3+ 71. Kh1 Qc1+ 72. Kh2 Qeg1# 0-1

[Event "Collado Villalba op 38th"]
[Site "Collado Villalba"]
[Date "2021.08.29"]
[Round "9"]
[White "Palomares Cortez, Tabata Sofia"]
[Black "Rodriguez Sanchez, Juan Carlos"]
[Result "1/2-1/2"]
[WhiteElo "1085"]
[BlackElo "1623"]
[PlyCount "48"]
[EventDate "2021.08.21"]
[EventType "swiss"]
[EventRounds "9"]
[EventCountry "ESP"]
[SourceTitle "EXT 2022"]
[Source "ChessBase"]
[SourceDate "2021.10.06"]
[SourceVersion "1"]
[SourceVersionDate "2021.10.06"]
[SourceQuality "1"]

1. e4 e6 2. d4 d5 3. e5 c5 4. c3 Nc6 5. Nf3 Qb6 6. Be2 Nh6 7. Bxh6 Qxb2 8. Bxg7 Bxg7 9. Nbd2 Qxc3 10. Rc1 Qa3 11. Rxc5 Qxa2 12. 0-0 a5 13. Rc2 Qa4 14. Qb1 Qb4 15. Qa1 Bf8 16. Rb1 Qa3 17. Ra2 Qe7 18. Bb5 Bd7 19. Bxc6 Bxc6 20. Rxa5 Rxa5 21. Qxa5 Qd8 22. Qc3 Be7 23. Nb3 0-0 24. Na5 Qd7 1/2-1/2

[Event "Collado Villalba op 38th"]
[Site "Collado Villalba"]
[Date "2021.08.28"]
[Round "8"]
[White "Rodriguez Hernandez, Antonio"]
[Black "Palomares Cortez, Tabata Sofia"]
[Result "1-0"]
[WhiteElo "1676"]
[BlackElo "1085"]
[PlyCount "130"]
[EventDate "2021.08.21"]
[EventType "swiss"]
[EventRounds "9"]
[EventCountry "ESP"]
[SourceTitle "EXT 2022"]
[Source "ChessBase"]
[SourceDate "2021.10.06"]
[SourceVersion "1"]
[SourceVersionDate "2021.10.06"]
[SourceQuality "1"]

1. e4 e5 2. Nf3 Nc6 3. Bb5 a6 4. Ba4 Nf6 5. d3 b5 6. Bb3 Bc5 7. 0-0 d6 8. c3 0-0 9. h3 h6 10. Re1 Be6 11. Bc2 Re8 12. d4 exd4 13. cxd4 Bb4 14. d5 Bxe1 15. Nxe1 Bd7 16. dxc6 Bxc6 17. Nc3 Qe7 18. Be3 Nxe4 19. Nxe4 Bxe4 20. Bxe4 Qxe4 21. Qd3 Qe6 22. Nf3 Rac8 23. a4 Qd7 24. axb5 axb5 25. b4 Rb8 26. Ra5 c6 27. Ra7 Qd8 28. Qc3 Rc8 29. Bd4 f6 30. Qb3+ d5 31. Bc5 Kh8 32. Nh4 Rc7 33. Rxc7 Qxc7 34. Ng6+ Kg8 35. Qb1 Kf7 36. Nh4 Kg8 37. Nf5 Qe5 38. Nd4 Qc7 39. g4 Kf7 40. Nf5 Ra8 41. Qe1 Kg6 42. Ne7+ Kh7 43. Qb1+ Kh8 44. Ng6+ Kg8 45. Ne7+ Kh8 46. Qf5 Ra1+ 47. Kg2 Re1 48. Ng6+ Kg8 49. Nf4 Qe5 50. Qxe5 Rxe5 51. Kf3 Kf7 52. Ne2 Re8 53. Nd4 Rc8 54. Nf5 Ra8 55. Nd4 Rc8 56. h4 g6 57. Kg3 Rc7 58. f4 Rc8 59. Kf3 Kg7 60. h5 g5 61. Nf5+ Kh7 62. Be7 c5 63. Bxc5 Rc6 64. Ne7 Ra6 65. Nxd5 Kg7 1-0

[Event "Collado Villalba op 38th"]
[Site "Collado Villalba"]
[Date "2021.08.25"]
[Round "5"]
[White "Palomares Cortez, Tabata Sofia"]
[Black "Carrillo Castano, Javier"]
[Result "1-0"]
[WhiteElo "1085"]
[BlackElo "1391"]
[PlyCount "79"]
[EventDate "2021.08.21"]
[EventType "swiss"]
[EventRounds "9"]
[EventCountry "ESP"]
[SourceTitle "CBM 204 Extra"]
[Source "ChessBase"]
[SourceDate "2021.11.30"]
[SourceVersion "1"]
[SourceVersionDate "2021.11.30"]
[SourceQuality "1"]

1. e4 c6 2. d4 d5 3. Nc3 dxe4 4. Nxe4 Nd7 5. Bc4 Ngf6 6. Ng5 e6 7. Bf4 Nb6 8. Bb3 h6 9. N5h3 Be7 10. Nf3 g5 11. Nhxg5 hxg5 12. Bxg5 Ne4 13. Bf4 Rg8 14. Qd3 Nf6 15. Bg3 Nbd5 16. 0-0-0 a5 17. a4 b6 18. Ne5 Bb7 19. Kb1 Bd6 20. Rhg1 Qc7 21. Qf3 0-0-0 22. c4 Rxg3 23. hxg3 Bxe5 24. dxe5 Qxe5 25. cxd5 c5 26. Rge1 Qg5 27. Qe3 Qg6+ 28. Bc2 Nxd5 29. Rxd5 Qf6 30. Rxd8+ Qxd8 31. Be4 Ba6 32. Qf3 f5 33. Bc2 Bc4 34. Qa8+ Kc7 35. Qa7+ Kc6 36. Rd1 Bd5 37. Bb3 Qf6 38. Qa8+ Kd6 39. Bxd5 Qe5 40. Qb8+ 1-0

[Event "Collado Villalba op-B 36th"]
[Site "Collado Villalba"]
[Date "2019.08.26"]
[Round "4"]
[White "Ruiz Grau, David"]
[Black "Palomares Cortez, Tabata Sofia"]
[Result "1-0"]
[WhiteElo "1322"]
[BlackElo "1067"]
[PlyCount "37"]
[EventDate "2019.08.23"]
[EventType "swiss"]
[EventRounds "9"]
[EventCountry "ESP"]
[SourceTitle "CBM 192 Extra"]
[Source "Chessbase"]
[SourceDate "2019.11.06"]
[SourceVersion "1"]
[SourceVersionDate "2019.11.06"]
[SourceQuality "1"]

1. d4 d5 2. Bf4 Nf6 3. e3 e6 4. Nd2 Bd6 5. Bg3 c5 6. c3 Nc6 7. Bd3 b6 8. Ngf3 0-0 9. Ne5 Qc7 10. Ndf3 c4 11. Bc2 Ne4 12. Nxc6 Nxg3 13. hxg3 Qxc6 14. Bxh7+ Kh8 15. Bc2+ Kg8 16. Ne5 Bxe5 17. Rh8+ Kxh8 18. Qh5+ Kg8 19. Qh7# 1-0